| 000 | 01354nam a22002537a 4500 | ||
|---|---|---|---|
| 005 | 20230424113715.0 | ||
| 008 | 230421b ||||| |||| 00| 0 eng d | ||
| 040 | _cAL | ||
| 041 | _akan | ||
| 082 |
_223 _a954.87K _bSALK |
||
| 100 |
_aBS Salimata: ಬಿ ಎಸ್ ಸಾಲಿಮಠ _992006 |
||
| 245 | _aKarnatakada rajakiya ithihasa: ಕರ್ನಾಟಕದ ರಾಜಕೀಯ ಇತಿಹಾಸ | ||
| 260 |
_aKalaburgi _bSS Bhavikatti Prakashana _c2021 |
||
| 300 |
_ax,374p. _bPB _c21x14cm |
||
| 365 |
_2History _b300.00 _c₹ _d300.00 |
||
| 520 | _aಮೌರ್ಯರು ಶಾತವಾಹನರು ಬನವಾಸಿ ಕದಂಬರು ತಲಕಾಡಿನ ಗಂಗರು ಬಾದಾಮಿ ಚಾಲುಕ್ಯರು ರಾಷ್ಟ್ರಕೂಟರು ಕಲ್ಯಾಣದ ಚಾಲುಕ್ಯರು ರಾಜ್ಯದ ರಚನೆ | ||
| 650 |
_aSamrajyagala Yuga: ಸಾಮ್ರಾಜ್ಯಗಳ ಯುಗ _991664 |
||
| 650 |
_aKendra mattu Prantiya Adalitha: ಕೇಂದ್ರ ಮತ್ತು ಪ್ರಾಂತೀಯ ಆಡಳಿತ _991665 |
||
| 650 |
_aNEP DSC-1 _991687 |
||
| 650 |
_aI SEM BA : ಬಿ ಎ ಪ್ರಥಮ ಸೆಮಿಸ್ಟರ್ _991688 |
||
| 650 |
_aPolitical History of Karnataka _992007 |
||
| 700 |
_aSALIMATA (BS): ಸಾಲಿಮಠ (ಬಿ ಎಸ್) _991666 |
||
| 942 |
_2ddc _cDB |
||
| 999 |
_c227254 _d227254 |
||